[Event "DMP - II Liga seniorow"]
[Site "Mrzezyno"]
[Date "2011.09.05"]
[Round "3"]
[White "Katafiasz, Tomasz"]
[Black "Cichy, Kamil"]
[Result "0-1"]
[WhiteElo "1905"]
[BlackElo "1946"]
[PlyCount "114"]
[EventDate "2011.09.??"]

1. Nf3 c5 2. c4 Nc6 3. d4 cxd4 4. Nxd4 g6 5. e4 Bg7 6. Be3 d6 7. Nc3 Nf6 8. Be2
O-O 9. O-O Qa5 10. Nb3 Qd8 11. f3 Bd7 12. Qd2 Rc8 13. Rac1 Ne5 14. Nd5 b6 15.
Rfd1 Bc6 16. Nd4 Bb7 17. b3 Ned7 18. Nb5 a6 19. Nbc3 Nxd5 20. Nxd5 Re8 21. Bf1
a5 22. Qf2 Nc5 23. g3 Bxd5 24. Rxd5 Qc7 25. Rcd1 Rb8 26. Qc2 Rec8 27. R5d2 Qb7
28. Bh3 Re8 29. Bf1 Rec8 30. Bh3 Re8 31. Bg2 Rec8 32. Rd5 Na6 33. Qf2 Nc5 34.
Bd4 Bxd4 35. R5xd4 Qc7 36. Bh3 Rd8 37. Bf1 e5 38. R4d2 Ne6 39. Bh3 Nd4 40. f4
a4 41. f5 axb3 42. f6 Qxc4 43. Rxd4 exd4 44. Qf4 Kh8 45. Rc1 bxa2 46. Rxc4
a1=Q+ 47. Rc1 Qa3 48. Re1 Qc3 49. Kf1 d3 50. Rc1 Qe5 51. Qf3 d5 52. exd5 Qxd5
53. Qf4 d2 54. Rd1 Qh1+ 55. Ke2 Re8+ 56. Be6 Rxe6+ 57. Kxd2 Rd8+ 0-1

[Event "DMP - II Liga seniorow"]
[Site "Mrzezyno"]
[Date "2011.09.06"]
[Round "4"]
[White "Strzemiecki, Zbigniew"]
[Black "Rudolf, Michal"]
[Result "1/2-1/2"]
[WhiteElo "2421"]
[BlackElo "2384"]
[PlyCount "64"]
[EventDate "2011.09.??"]

1. e4 e5 2. Nf3 Nc6 3. Bb5 a6 4. Bxc6 dxc6 5. O-O f6 6. d4 Bg4 7. c3 Bd6 8. Be3
Ne7 9. Nbd2 b5 10. Qb3 Qd7 11. Rad1 Ng6 12. c4 exd4 13. Bxd4 Be6 14. Qc2 c5 15.
Be3 O-O 16. Rfe1 Qe7 17. Rc1 Bf7 18. cxb5 axb5 19. b3 Rfd8 20. a4 bxa4 21. bxa4
Qd7 22. Ra1 Ne5 23. Nxe5 Bxe5 24. Rac1 Qxa4 25. Qxc5 Bd6 26. Qc2 Bb4 27. Qxa4
Rxa4 28. Red1 c5 29. h3 c4 30. Nf3 Raa8 31. Rxd8+ Rxd8 32. Bd4 Rc8 1/2-1/2

[Event "DMP - II Liga seniorow"]
[Site "Mrzezyno"]
[Date "2011.09.06"]
[Round "4"]
[White "Warszawski, Bartosz"]
[Black "Krzyzanowski, Marcin"]
[Result "1-0"]
[WhiteElo "2277"]
[BlackElo "2375"]
[PlyCount "67"]
[EventDate "2011.09.??"]

1. e4 c5 2. Nf3 e6 3. d4 cxd4 4. Nxd4 a6 5. Nc3 Qc7 6. Bd3 Nc6 7. Be3 b5 8.
Nxc6 Qxc6 9. O-O Bb7 10. Qe2 Nf6 11. a3 Bd6 12. f4 Bc5 13. Bxc5 Qxc5+ 14. Kh1
d6 15. e5 dxe5 16. fxe5 Nd7 17. Be4 Bxe4 18. Nxe4 Qxe5 19. Rad1 f6 20. Nd6+ Ke7
21. Qg4 f5 22. Nxf5+ exf5 23. Rxf5 Qxf5 24. Qxf5 Nf6 25. Qc5+ Kf7 26. Qc7+ Kg6
27. Rd3 Rae8 28. h3 h5 29. Rg3+ Ng4 30. Qc3 Rd8 31. Qe1 Rhe8 32. Qc1 Re2 33.
hxg4 Red2 34. Rd3 1-0

[Event "DMP - II Liga seniorow"]
[Site "Mrzezyno"]
[Date "2011.09.06"]
[Round "4"]
[White "Kukawski, Maciej"]
[Black "Kaim, Piotr"]
[Result "1-0"]
[WhiteElo "2338"]
[BlackElo "2269"]
[PlyCount "87"]
[EventDate "2011.09.??"]

1. e4 c5 2. Nf3 d6 3. d4 cxd4 4. Nxd4 Nf6 5. Nc3 Nc6 6. Bg5 e6 7. Qd2 Be7 8.
O-O-O O-O 9. f4 Nxd4 10. Qxd4 Qa5 11. Kb1 Rd8 12. h4 b5 13. Bxb5 Rb8 14. Bc4
Rb4 15. Qd3 Bb7 16. Bb3 Qc7 17. a3 Rb6 18. f5 exf5 19. exf5 d5 20. Be3 d4 21.
Bxd4 Rc6 22. Qe3 Re8 23. Bxf6 Rxf6 24. Nd5 Bxd5 25. Rxd5 Rc8 26. Re1 Bf8 27. g4
Rb6 28. Red1 Rd6 29. g5 Rxd5 30. Rxd5 Kh8 31. Qd3 Qc6 32. h5 Be7 33. Qe3 Bc5
34. Qc3 Qb6 35. h6 f6 36. hxg7+ Kxg7 37. gxf6+ Kf8 38. Rd7 Ke8 39. Rxh7 Kd8 40.
f7 Bf8 41. Rh8 Qd6 42. Qa5+ Rc7 43. Qb5 Rd7 44. Qb8+ 1-0

[Event "DMP - II Liga seniorow"]
[Site "Mrzezyno"]
[Date "2011.09.06"]
[Round "4"]
[White "Chalupnik, Marcin"]
[Black "Jarmula, Pawel"]
[Result "1/2-1/2"]
[WhiteElo "2236"]
[BlackElo "2173"]
[PlyCount "74"]
[EventDate "2011.09.??"]

1. c4 c5 2. Nc3 Nc6 3. g3 g6 4. Bg2 Bg7 5. Nf3 e5 6. d3 d6 7. O-O Nge7 8. a3 a5
9. Rb1 O-O 10. Ne1 f5 11. Nd5 Be6 12. Nc2 Bxd5 13. cxd5 Nd4 14. a4 Nxc2 15.
Qxc2 Qd7 16. Bd2 b6 17. f4 Rae8 18. Bc3 exf4 19. Bxg7 Kxg7 20. gxf4 Ng8 21. e4
fxe4 22. dxe4 Qg4 23. Qc3+ Nf6 24. Kh1 Kg8 25. Bh3 Qh4 26. Be6+ Kg7 27. Rbe1 h6
28. Re3 Qh5 29. Qd3 g5 30. Rh3 Qg6 31. Bf5 Qf7 32. fxg5 Nxe4 33. Rxh6 Qxf5 34.
Rxf5 Rxf5 35. Rh7+ Kg6 36. Rh6+ Kg7 37. Rh7+ Kg6 1/2-1/2

[Event "DMP - II Liga seniorow"]
[Site "Mrzezyno"]
[Date "2011.09.06"]
[Round "4"]
[White "Nowicki, Bartosz"]
[Black "Rams, Michal"]
[Result "1/2-1/2"]
[WhiteElo "2139"]
[BlackElo "2272"]
[PlyCount "114"]
[EventDate "2011.09.??"]

1. e4 g6 2. d4 Bg7 3. Nc3 d6 4. f4 a6 5. Nf3 b5 6. Bd3 Nd7 7. e5 c5 8. Be4 Rb8
9. O-O b4 10. Ne2 Nh6 11. h3 Qc7 12. c3 Bb7 13. Bxb7 Qxb7 14. Qe1 cxd4 15. cxd4
O-O 16. Qh4 Nf5 17. Qf2 dxe5 18. fxe5 e6 19. g4 Ne7 20. Qh4 f6 21. Bh6 Nd5 22.
Bxg7 Kxg7 23. exf6+ Rxf6 24. Ng5 h6 25. Ne4 Rxf1+ 26. Rxf1 Rf8 27. Rxf8 Nxf8
28. g5 h5 29. Qg3 Qb5 30. Qe5+ Kg8 31. Nf4 Nxf4 32. Nf6+ Kh8 33. Qxf4 Qd3 34.
Kg2 b3 35. axb3 Qxb3 36. Qf2 Qb5 37. h4 Nd7 38. Nxd7 Qxd7 39. Qf8+ Kh7 40. Qh6+
Kg8 41. Qxg6+ Kf8 42. Qxh5 Qxd4 43. Qf3+ Ke8 44. Qf2 Qd5+ 45. Kg3 Qd3+ 46. Kg4
Qd1+ 47. Qf3 Qd4+ 48. Kh3 Qxb2 49. g6 Qg7 50. h5 a5 51. Qc6+ Ke7 52. Qc7+ Kf6
53. Qxa5 Qd7 54. Qc3+ Kg5 55. Qe5+ Kh6 56. Qe2 e5+ 57. Kg3 Qd4 1/2-1/2

[Event "DMP - II Liga seniorow"]
[Site "Mrzezyno"]
[Date "2011.09.06"]
[Round "4"]
[White "Bednarska-bzdega, Malgorzata"]
[Black "Harazinska, Ewa"]
[Result "0-1"]
[WhiteElo "2137"]
[BlackElo "1798"]
[PlyCount "104"]
[EventDate "2011.09.??"]

1. e4 c5 2. Nf3 d6 3. d4 cxd4 4. Nxd4 Nf6 5. Nc3 a6 6. Bc4 e6 7. Bb3 b5 8. Bg5
Be7 9. Qf3 Ra7 10. O-O-O Bd7 11. Be3 Rc7 12. g4 g6 13. g5 Nh5 14. Rhg1 O-O 15.
Rd2 Qe8 16. Qe2 b4 17. Nd1 a5 18. f4 Ng7 19. Nf2 a4 20. Bc4 Qc8 21. Bb5 a3 22.
Ng4 axb2+ 23. Kb1 Bxb5 24. Nxb5 Rd7 25. Nf6+ Bxf6 26. gxf6 Ne8 27. Bd4 Qd8 28.
e5 dxe5 29. fxe5 Nc6 30. Rgd1 Nxd4 31. Rxd4 Rxd4 32. Rxd4 Qa5 33. Qc4 b3 34.
cxb3 Qe1+ 35. Kxb2 Qxe5 36. a4 Nxf6 37. Ka3 Nd5 38. Ka2 Qxh2+ 39. Ka3 Qg1 40.
Rd2 Nb6 41. Qc7 Nd5 42. Qc4 h5 43. Nd4 Qe3 44. Re2 Qf4 45. Qc5 h4 46. Nc6 h3
47. Ne7+ Nxe7 48. Qxe7 Rc8 49. Rxe6 Qc1+ 50. Kb4 Qc3+ 51. Ka3 fxe6 52. Qxe6+
Kh8 0-1

[Event "DMP - II Liga seniorow"]
[Site "Mrzezyno"]
[Date "2011.09.06"]
[Round "4"]
[White "Kolosowski, Mateusz"]
[Black "Krogulski, Grzegorz"]
[Result "1/2-1/2"]
[WhiteElo "2413"]
[BlackElo "2360"]
[PlyCount "77"]
[EventDate "2011.09.??"]

1. e4 d5 2. exd5 Nf6 3. d4 Nxd5 4. Nf3 g6 5. c4 Nb6 6. Nc3 Bg7 7. c5 Nd5 8. Bc4
Nxc3 9. bxc3 O-O 10. O-O Nc6 11. Re1 Na5 12. Bd3 c6 13. Bg5 Re8 14. Bh4 b6 15.
cxb6 axb6 16. Ne5 Be6 17. Qf3 Bd5 18. Be4 Bxe5 19. dxe5 Bxe4 20. Qxe4 Qd5 21.
Qf4 Qe6 22. Re4 b5 23. Rae1 Nc4 24. Qh6 Red8 25. Bg3 f5 26. exf6 Qxf6 27. Bh4
Qf8 28. Qxf8+ Rxf8 29. Rxe7 Rxa2 30. Rc7 Rc2 31. h3 Rf7 32. Re8+ Kg7 33. Rxc6
Rc1+ 34. Kh2 Nd2 35. f3 b4 36. Bg5 bxc3 37. Rec8 Nf1+ 38. Kg1 Nd2+ 39. Kh2
1/2-1/2

[Event "DMP - II Liga seniorow"]
[Site "Mrzezyno"]
[Date "2011.09.06"]
[Round "4"]
[White "Sygulski, Boguslaw"]
[Black "Kolago, Marcin"]
[Result "1-0"]
[WhiteElo "2239"]
[BlackElo "2351"]
[PlyCount "47"]
[EventDate "2011.09.??"]

1. e4 d5 2. exd5 Qxd5 3. Nc3 Qd6 4. d4 Nf6 5. Nf3 a6 6. g3 b5 7. Bg2 Bb7 8. O-O
e6 9. Bf4 Qb6 10. Re1 Be7 11. a4 Nd5 12. Bg5 Nxc3 13. bxc3 Bxg5 14. Nxg5 Bxg2
15. Kxg2 Qb7+ 16. Kg1 h6 17. Nxe6 fxe6 18. Qh5+ Kf8 19. Rxe6 Nd7 20. Rae1 Nf6
21. Qg6 c5 22. Rxf6+ gxf6 23. Qxf6+ Kg8 24. Re7 1-0

[Event "DMP - II Liga seniorow"]
[Site "Mrzezyno"]
[Date "2011.09.06"]
[Round "4"]
[White "Jaroch, Pawel"]
[Black "Markiewicz, Jerzy"]
[Result "1/2-1/2"]
[WhiteElo "2262"]
[BlackElo "2287"]
[PlyCount "80"]
[EventDate "2011.09.??"]

1. d4 f5 2. e4 fxe4 3. Nc3 Nf6 4. Bg5 Nc6 5. d5 Ne5 6. Qe2 Nf7 7. Bxf6 exf6 8.
Nxe4 Qe7 9. d6 Nxd6 10. Nxd6+ cxd6 11. O-O-O Qxe2 12. Nxe2 b6 13. Nc3 Bb7 14.
Nb5 Kd8 15. Nxd6 Bxd6 16. Rxd6 Kc7 17. Rd4 Rae8 18. Bd3 Bc6 19. Kd2 Re5 20. Rg1
h6 21. h4 Rhe8 22. g3 a5 23. a3 R8e7 24. b4 axb4 25. axb4 b5 26. Ra1 Kb6 27.
Rc1 Re8 28. Ra1 R8e7 29. Rc1 Re8 30. c4 bxc4 31. Rcxc4 Rd5 32. Rxd5 Bxd5 33.
Rc5 Bc6 34. Ra5 Re5 35. Ra2 g5 36. hxg5 hxg5 37. Kc3 d6 38. Kd4 Rd5+ 39. Kc3
Re5 40. Kd4 Rd5+ 1/2-1/2

[Event "DMP - II Liga seniorow"]
[Site "Mrzezyno"]
[Date "2011.09.06"]
[Round "4"]
[White "Dubas, Leszek"]
[Black "Raszka, Janusz"]
[Result "0-1"]
[WhiteElo "2163"]
[BlackElo "2253"]
[PlyCount "72"]
[EventDate "2011.09.??"]

1. e4 e6 2. d4 d5 3. Nc3 Nf6 4. Bg5 Be7 5. e5 Nfd7 6. Bxe7 Qxe7 7. f4 a6 8. Nf3
c5 9. dxc5 Qxc5 10. Qd2 Nc6 11. O-O-O b5 12. Ne2 Nb6 13. Ned4 Bd7 14. f5 Nxd4
15. Nxd4 exf5 16. Qg5 O-O 17. Nxf5 Bxf5 18. Qxf5 Qe3+ 19. Kb1 Rfe8 20. Bd3 g6
21. Qf6 Rxe5 22. Rhf1 Rf8 23. Rf3 Re6 24. Qh4 Qe5 25. g4 Na4 26. c3 Nc5 27. Rh3
Qg7 28. Bf5 Rd6 29. Qf2 Ne6 30. Bc2 Rfd8 31. Rhd3 a5 32. Bb3 Qe5 33. Re1 Qg5
34. h4 Qxg4 35. Re5 a4 36. Bxd5 Rxd5 0-1

[Event "DMP - II Liga seniorow"]
[Site "Mrzezyno"]
[Date "2011.09.06"]
[Round "4"]
[White "Jaroch, Karol"]
[Black "Augustyn, Sebastian"]
[Result "1-0"]
[WhiteElo "2263"]
[BlackElo "2106"]
[PlyCount "149"]
[EventDate "2011.09.??"]

1. e4 c5 2. Nc3 Nc6 3. g3 g6 4. Bg2 Bg7 5. Nge2 d6 6. O-O e6 7. d3 Nge7 8. Be3
Nd4 9. Qd2 O-O 10. Nd1 Bd7 11. Nc1 e5 12. c3 Ne6 13. f4 exf4 14. gxf4 f5 15.
Ne2 Bc6 16. c4 Qc7 17. Ndc3 Nd4 18. Ng3 Rae8 19. Rae1 b5 20. cxb5 Nxb5 21. exf5
Nxc3 22. bxc3 Nxf5 23. Nxf5 Rxf5 24. Bf2 Ref8 25. Bxc6 Qxc6 26. Be3 d5 27. Qc2
Qd6 28. d4 cxd4 29. cxd4 Bh6 30. Qb3 Kh8 31. Bc1 Bxf4 32. Ba3 Bxh2+ 33. Kg2
Rg5+ 34. Kh1 Rxf1+ 35. Rxf1 Qg3 36. Qb2 Bg1 37. Rf8+ Kg7 38. Rf7+ Kxf7 39. Qb7+
Ke6 40. Qc8+ Kf7 41. Qd7+ Kf6 42. Be7+ Kg7 43. Bxg5+ Kg8 44. Qxd5+ Kg7 45. Qd7+
Kg8 46. Qe6+ Kg7 47. Bf6+ Kh6 48. Be5 Qe3 49. Qg4 g5 50. Qxg1 Qe4+ 51. Qg2 Qe1+
52. Kh2 Kg6 53. Bg3 Qd1 54. Qe4+ Kh6 55. d5 Qh5+ 56. Kg2 Qd1 57. d6 Qd2+ 58.
Kf1 Kh5 59. Qf3+ Kg6 60. Qf2 Qd1+ 61. Qe1 Qd3+ 62. Kg1 Qd4+ 63. Kh2 h5 64. Qe6+
Kh7 65. Qf7+ Kh6 66. d7 h4 67. Qf8+ Kh5 68. d8=Q hxg3+ 69. Kg2 Qb2+ 70. Kxg3
Qe5+ 71. Kg2 Qe2+ 72. Qf2 Qg4+ 73. Kh1 Qe4+ 74. Kg1 Qg4+ 75. Qg2 1-0

[Event "DMP - II Liga seniorow"]
[Site "Mrzezyno"]
[Date "2011.09.06"]
[Round "4"]
[White "Jalowiec, Halina"]
[Black "Mareckova, Martina"]
[Result "1/2-1/2"]
[WhiteElo "2032"]
[BlackElo "2153"]
[PlyCount "87"]
[EventDate "2011.09.??"]

1. e4 e5 2. Nf3 Nc6 3. Nc3 Nf6 4. a3 d6 5. d4 Be7 6. Bb5 Bd7 7. O-O O-O 8. dxe5
Nxe5 9. Nxe5 dxe5 10. Qe2 c6 11. Bc4 Qc7 12. Bg5 h6 13. Bh4 Rfe8 14. Rfd1 Rad8
15. h3 Bc8 16. Bg3 Rxd1+ 17. Rxd1 Rd8 18. Rxd8+ Bxd8 19. Qe3 b6 20. a4 Be7 21.
Qe2 Qd6 22. Qd3 Qc5 23. Ne2 Nh5 24. Bh2 Qd6 25. g4 Nf4 26. Bxf4 exf4 27. Kg2 g5
28. Kf3 h5 29. Qxd6 Bxd6 30. Nd4 hxg4+ 31. hxg4 Bd7 32. Nf5 Bf8 33. Ke2 Bg7 34.
c3 Kf8 35. f3 Be5 36. Kd3 b5 37. axb5 cxb5 38. Bd5 a5 39. Nd4 Ke7 40. Nc6+ Bxc6
41. Bxc6 b4 42. cxb4 axb4 43. b3 Kd6 44. Bd5 1/2-1/2

[Event "DMP - II Liga seniorow"]
[Site "Mrzezyno"]
[Date "2011.09.06"]
[Round "4"]
[White "Przedmojski, Rafal"]
[Black "Kalvaitis, Sigitas"]
[Result "1-0"]
[WhiteElo "2374"]
[BlackElo "2273"]
[PlyCount "109"]
[EventDate "2011.09.??"]

1. d4 e6 2. g3 Nf6 3. Bg2 d5 4. c4 Be7 5. Nf3 O-O 6. Qc2 c6 7. O-O Nbd7 8. Nbd2
b6 9. e4 Nxe4 10. Nxe4 dxe4 11. Qxe4 Bb7 12. Bf4 Nf6 13. Qe2 c5 14. Rfd1 cxd4
15. Rxd4 Qc8 16. Ne5 Bxg2 17. Kxg2 Qb7+ 18. Qf3 Qxf3+ 19. Kxf3 Rfc8 20. b3 Kf8
21. Rad1 Ke8 22. R1d2 Bb4 23. R2d3 Be7 24. g4 Rd8 25. Rxd8+ Rxd8 26. Rxd8+ Bxd8
27. Nc6 a5 28. Be5 Nd7 29. Bxg7 Bc7 30. h3 f6 31. Bh6 Bd6 32. Bd2 Kf7 33. Bc3
Kg6 34. Nd8 Nf8 35. Bd4 Bc7 36. Nc6 Nd7 37. Ne7+ Kf7 38. Nc8 Kg6 39. Na7 h5 40.
Nb5 Bd8 41. Ke4 hxg4 42. hxg4 Kf7 43. f4 Ke7 44. f5 Nb8 45. Bb2 Kd7 46. fxe6+
Kxe6 47. Nd4+ Kd7 48. Kf5 a4 49. Nc2 axb3 50. axb3 Be7 51. Bxf6 Bf8 52. g5 Kc6
53. Ke6 Nd7 54. Nd4+ Kc7 55. g6 1-0

[Event "DMP - II Liga seniorow"]
[Site "Mrzezyno"]
[Date "2011.09.06"]
[Round "4"]
[White "Czyz, Artur"]
[Black "Bugajski, Robert"]
[Result "0-1"]
[WhiteElo "2075"]
[BlackElo "2201"]
[PlyCount "104"]
[EventDate "2011.09.??"]

1. e4 c5 2. Nf3 d6 3. d4 Nf6 4. Nc3 cxd4 5. Nxd4 a6 6. Bc4 e6 7. Be3 Nbd7 8.
O-O Nc5 9. f4 Qc7 10. e5 Nfe4 11. f5 Nxc3 12. bxc3 d5 13. fxe6 Bxe6 14. Nxe6
fxe6 15. Be2 O-O-O 16. Rb1 g6 17. Bg4 Be7 18. Kh1 h5 19. Bh3 Qc6 20. Rf7 Rd7
21. Qd4 b6 22. Rbf1 g5 23. Rxe7 Rxe7 24. Bxg5 Ree8 25. Bf6 Rh7 26. g3 Ne4 27.
Rb1 b5 28. a4 Rb7 29. axb5 Rxb5 30. Rxb5 Qxb5 31. Qa7 Qb1+ 32. Kg2 Qxc2+ 33.
Kg1 Qb1+ 34. Bf1 h4 35. Qxa6+ Qb7 36. Qa5 Kb8 37. Bxh4 Rf8 38. Qb5 Nxc3 39.
Qxb7+ Kxb7 40. Bf6 Ne4 41. Bg7 Rf7 42. Bh6 Kc6 43. Be3 Rf3 44. Bf4 Ra3 45. g4
d4 46. Bc4 d3 47. Bxe6 d2 48. Bxd2 Nxd2 49. Kf2 Nf3 50. Bf5 Nxe5 51. h4 Kd5 52.
h5 Nf7 0-1

[Event "DMP - II Liga seniorow"]
[Site "Mrzezyno"]
[Date "2011.09.06"]
[Round "4"]
[White "Mannke, Manfred"]
[Black "Cajbel, Maciej"]
[Result "1/2-1/2"]
[WhiteElo "2191"]
[BlackElo "2224"]
[PlyCount "88"]
[EventDate "2011.09.??"]

1. d4 Nf6 2. c4 c5 3. d5 e6 4. Nc3 exd5 5. cxd5 d6 6. e4 g6 7. h3 Bg7 8. Nf3
O-O 9. Bd3 a6 10. a4 Nbd7 11. O-O Re8 12. Re1 Qe7 13. Bf4 Nh5 14. Bh2 Ne5 15.
Be2 Bd7 16. Nd2 Qg5 17. Bxh5 Qxh5 18. Qxh5 gxh5 19. Bxe5 Bxe5 20. Nc4 f6 21.
Nxe5 fxe5 22. a5 b5 23. axb6 Reb8 24. Ra2 Rxb6 25. Rea1 Kf7 26. Kf1 h4 27. Ke1
Ke7 28. Nd1 Rb4 29. f3 Rg8 30. Ne3 Rgb8 31. Rxa6 Rxb2 32. R6a2 R8b3 33. Nc4
Rxa2 34. Rxa2 Rc3 35. Nb6 Bb5 36. Ra7+ Kf6 37. Nc8 Rc2 38. Nxd6 Bd3 39. Nf7 c4
40. d6 Re2+ 41. Kd1 c3 42. Rc7 Rd2+ 43. Ke1 Re2+ 44. Kd1 Rd2+ 1/2-1/2

[Event "DMP - II Liga seniorow"]
[Site "Mrzezyno"]
[Date "2011.09.06"]
[Round "4"]
[White "Jagodzinski, Piotr"]
[Black "Olejarczyk, Bogdan"]
[Result "1/2-1/2"]
[WhiteElo "2162"]
[BlackElo "2115"]
[PlyCount "117"]
[EventDate "2011.09.??"]

1. Nf3 d5 2. b3 Bf5 3. Bb2 e6 4. e3 h6 5. Be2 Nf6 6. O-O Nbd7 7. c4 Be7 8. cxd5
exd5 9. a3 a5 10. Kh1 O-O 11. d3 Re8 12. h3 Bd6 13. Nbd2 c6 14. Rg1 Ne5 15. Qc2
h5 16. Nxe5 Bxe5 17. Bxe5 Rxe5 18. Nf3 Re8 19. Rgb1 Qd6 20. Qc3 c5 21. Rc1 b6
22. Qb2 Rac8 23. b4 axb4 24. axb4 Be6 25. Ra6 c4 26. Nd4 cxd3 27. Bxd3 Rxc1+
28. Qxc1 Qxb4 29. Nxe6 fxe6 30. Qc7 Qc5 31. Qxb6 Qxb6 32. Rxb6 e5 33. Bg6 Rd8
34. Kg1 Kf8 35. Kf1 Ke7 36. Bf5 Rd6 37. Rb7+ Nd7 38. Ke2 g6 39. Bd3 Kf6 40. Rb5
g5 41. Bc2 h4 42. Kf3 e4+ 43. Kg4 Ne5+ 44. Kh5 Rd8 45. Rb6+ Kf5 46. Kh6 Rd6+
47. Rxd6 Nf7+ 48. Kg7 Nxd6 49. Bd1 Ne8+ 50. Kf7 Nf6 51. Ke7 Ke5 52. Be2 Ng8+
53. Kf8 Nh6 54. Kg7 Nf5+ 55. Kg6 d4 56. Kxg5 dxe3 57. fxe3 Nxe3 58. Kxh4 Nxg2+
59. Kg3 1/2-1/2

[Event "DMP - II Liga seniorow"]
[Site "Mrzezyno"]
[Date "2011.09.06"]
[Round "4"]
[White "Sielicki, Tomasz"]
[Black "Czachor, Radoslaw"]
[Result "1-0"]
[WhiteElo "2022"]
[BlackElo "2053"]
[PlyCount "99"]
[EventDate "2011.09.??"]

1. d4 d5 2. Bg5 Nf6 3. Bxf6 exf6 4. e3 Bd6 5. c4 dxc4 6. Bxc4 O-O 7. Nc3 Nd7 8.
Nf3 Nb6 9. Bb3 Re8 10. O-O Bg4 11. a4 Nd7 12. Rc1 a6 13. Qd3 Bxf3 14. gxf3 Rc8
15. Ne4 Bf8 16. Kh1 f5 17. Ng3 Nc5 18. Bxf7+ Kxf7 19. Qxf5+ Qf6 20. Qxf6+ gxf6
21. dxc5 Rcd8 22. c6 b6 23. Rfd1 Ke6 24. Kg2 Bc5 25. f4 f5 26. Kf3 a5 27. Ke2
Rd6 28. Rd3 Rxc6 29. Rcd1 Rd6 30. f3 Rxd3 31. Rxd3 Bd6 32. Kf2 Re7 33. Ne2 Rf7
34. Nc3 h6 35. Nb5 Bc5 36. Rd8 Rd7 37. Rxd7 Kxd7 38. Ke2 c6 39. Nc3 Bd6 40. Kd3
Ke6 41. Ne2 Kf6 42. Nd4 c5 43. Nb5 Be7 44. Nc7 Bd8 45. Nd5+ Ke6 46. Kc4 h5 47.
e4 h4 48. h3 fxe4 49. fxe4 Kd6 50. Kb5 1-0

[Event "DMP - II Liga seniorow"]
[Site "Mrzezyno"]
[Date "2011.09.06"]
[Round "4"]
[White "Hermanowicz, Dominika"]
[Black "Kaczorowska, Barbara"]
[Result "0-1"]
[WhiteElo "2088"]
[BlackElo "2150"]
[PlyCount "148"]
[EventDate "2011.09.??"]

1. e4 c5 2. Nf3 d6 3. d4 cxd4 4. Nxd4 Nf6 5. Nc3 a6 6. Be3 e6 7. a4 Nc6 8. Be2
e5 9. Nxc6 bxc6 10. a5 Be6 11. f4 exf4 12. Bxf4 Be7 13. O-O O-O 14. Kh1 Qb8 15.
Qd3 Nd7 16. Na4 Rd8 17. Rfd1 Ne5 18. Qa3 Ra7 19. Be3 c5 20. Nb6 Bg4 21. Bxg4
Nxg4 22. Bg1 Nf6 23. Qd3 Nd7 24. Nd5 Bf8 25. b3 Re8 26. Re1 g6 27. Qf3 Bg7 28.
Rad1 Qd8 29. b4 Qh4 30. Bf2 Qg5 31. bxc5 Nxc5 32. Bd4 Bxd4 33. Rxd4 f5 34. Nc3
Rae7 35. Rxd6 fxe4 36. Qe2 Nd3 37. cxd3 exd3 38. Qa2+ Kh8 39. Rg1 Qc5 40. Rxd3
Re1 41. Ne2 R8xe2 42. Rd8+ Kg7 43. Qg8+ Kh6 44. Qf8+ Qxf8 45. Rxf8 Rxg1+ 46.
Kxg1 Ra2 47. Ra8 Rxa5 48. Kf2 Kg5 49. Kf3 h5 50. Ra7 Ra2 51. Ra8 Ra5 52. Ra7
Rf5+ 53. Ke2 a5 54. Ra6 h4 55. Ke3 Rb5 56. Kf3 Kf5 57. Ra8 g5 58. h3 Ke5 59.
Ke3 Kd5 60. Kd3 Rb3+ 61. Ke2 Ra3 62. Rg8 Rg3 63. Kf2 Kc4 64. Ra8 Kb4 65. Rb8+
Ka3 66. Re8 a4 67. Re2 Kb3 68. Re8 a3 69. Rb8+ Ka2 70. Re8 Kb2 71. Re2+ Kb3 72.
Re1 a2 73. Kf1 Kb2 74. Re2+ Ka3 0-1

[Event "DMP - II Liga seniorow"]
[Site "Mrzezyno"]
[Date "2011.09.06"]
[Round "4"]
[White "Babik, Tomasz"]
[Black "Sakalauskas, Vaidas"]
[Result "0-1"]
[WhiteElo "2224"]
[BlackElo "2410"]
[PlyCount "86"]
[EventDate "2011.09.??"]

1. c4 Nf6 2. Nc3 d5 3. cxd5 Nxd5 4. Nf3 g6 5. e4 Nxc3 6. dxc3 Qxd1+ 7. Kxd1 f6
8. Be3 e5 9. Bc4 Nd7 10. Ke2 Nc5 11. Nd2 Bd7 12. Rhd1 Ba4 13. Rdc1 Bc6 14. Bd5
Bxd5 15. exd5 a5 16. c4 b6 17. f3 Be7 18. Ne4 Kd7 19. Bxc5 bxc5 20. Rc3 Rhb8
21. Rb3 Rb4 22. Rc1 f5 23. Nf2 Rxb3 24. axb3 Rb8 25. Nd3 Kd6 26. Ra1 e4 27.
fxe4 fxe4 28. Nf2 Ke5 29. Ra3 a4 30. Nd1 axb3 31. Nc3 Kd4 32. Ra4 Rb4 33. Rxb4
cxb4 34. Nb5+ Kxc4 35. Nxc7 Bd6 36. Ne8 Kxd5 37. Nf6+ Kd4 38. Nxh7 Be7 39. g3
g5 40. h3 Ke5 41. Ke3 Kf5 42. Kd4 Bc5+ 43. Kxc5 e3 0-1

[Event "DMP - II Liga seniorow"]
[Site "Mrzezyno"]
[Date "2011.09.06"]
[Round "4"]
[White "Bardeli, Lukasz"]
[Black "Nurkiewicz, Maciej"]
[Result "0-1"]
[WhiteElo "2295"]
[BlackElo "2399"]
[PlyCount "94"]
[EventDate "2011.09.??"]

1. Nf3 d5 2. c4 dxc4 3. e3 c5 4. Bxc4 Nf6 5. d4 e6 6. O-O a6 7. dxc5 Qxd1 8.
Rxd1 Bxc5 9. Nbd2 b6 10. a3 Bb7 11. b4 Be7 12. Bb2 Nbd7 13. Ne5 Nxe5 14. Bxe5
O-O 15. Nb3 Rfc8 16. Bf1 Bd5 17. Nd4 a5 18. bxa5 Nd7 19. Bg3 Rxa5 20. a4 Nc5
21. Bb5 Bf6 22. Rdc1 Raa8 23. Rab1 Ba2 24. Rb4 h5 25. h4 Bd5 26. Kh2 g6 27. f3
e5 28. Ne2 e4 29. fxe4 Nxe4 30. Rxc8+ Rxc8 31. Nf4 Bb7 32. Bd3 Nxg3 33. Kxg3
Re8 34. e4 Bc3 35. Rxb6 Bxe4 36. Bxe4 Rxe4 37. Kf3 Rxa4 38. Rb3 Be5 39. Nd3 Bd6
40. Rb6 Bc7 41. Rb4 Ra3 42. Rd4 Kg7 43. g3 Kf6 44. Rd5 Ke6 45. Rd4 Bb6 46. Re4+
Kd5 47. Re5+ Kd6 0-1

[Event "DMP - II Liga seniorow"]
[Site "Mrzezyno"]
[Date "2011.??.??"]
[Round "4"]
[White "Szymanski, Marcin"]
[Black "Fengier, Winicjusz"]
[Result "1-0"]
[WhiteElo "2416"]
[BlackElo "2073"]
[PlyCount "53"]
[EventDate "2011.09.??"]

1. d4 c5 2. d5 Nf6 3. c4 b5 4. cxb5 a6 5. b6 Qxb6 6. Nc3 g6 7. Nf3 Bg7 8. e4 d6
9. Nd2 Qc7 10. Be2 O-O 11. Nc4 Bd7 12. a4 a5 13. Bf4 Ne8 14. Qd2 Qb7 15. Bh6
Qb4 16. h4 f5 17. e5 dxe5 18. h5 f4 19. hxg6 hxg6 20. d6 e6 21. Qd3 e4 22. Qxe4
Bxc3+ 23. Kf1 Rf5 24. Qxa8 Bc6 25. d7 Bxd7 26. bxc3 Qxc3 27. Rd1 1-0

[Event "DMP - II Liga seniorow"]
[Site "Mrzezyno"]
[Date "2011.09.06"]
[Round "4"]
[White "Banach, Wieslaw"]
[Black "Protaziuk, Grzegorz"]
[Result "0-1"]
[WhiteElo "2110"]
[BlackElo "2353"]
[PlyCount "72"]
[EventDate "2011.09.??"]

1. e4 e6 2. d4 d5 3. e5 c5 4. c3 Nc6 5. Nf3 Qb6 6. Be2 Nh6 7. Na3 cxd4 8. Bxh6
gxh6 9. cxd4 Qxb2 10. Nb5 Qb4+ 11. Nd2 Qa5 12. O-O a6 13. Nb3 Qd8 14. Nc3 Bg7
15. Rc1 O-O 16. Bd3 f5 17. exf6 Bxf6 18. Bb1 Na5 19. Ne2 Nxb3 20. Qxb3 Rf7 21.
Rc3 Bd7 22. Rg3+ Kh8 23. Qxb7 Qf8 24. Qb2 Bh4 25. Rh3 Bxf2+ 26. Kh1 Rb8 27. Qc2
Rc8 28. Qd3 Bb5 29. Qd2 Be3 30. Rxf7 Bxd2 31. Rxf8+ Rxf8 32. Bd3 Rf1+ 33. Ng1
Re1 34. Bxb5 axb5 35. g4 Be3 36. Rg3 Bxd4 0-1

[Event "DMP - II Liga seniorow"]
[Site "Mrzezyno"]
[Date "2011.09.06"]
[Round "4"]
[White "Sliwerski, Radoslaw"]
[Black "Nowak, Rafal"]
[Result "1/2-1/2"]
[WhiteElo "2192"]
[BlackElo "2054"]
[PlyCount "99"]
[EventDate "2011.09.??"]

1. d4 d5 2. c4 c6 3. Nc3 Nf6 4. Nf3 a6 5. a4 e6 6. Bg5 a5 7. e4 dxe4 8. Nxe4
Bb4+ 9. Nc3 Be7 10. Bd3 Na6 11. Rc1 Nb4 12. Bb1 O-O 13. O-O b6 14. Ne5 Bb7 15.
Bxf6 Bxf6 16. Ne4 c5 17. Qh5 g6 18. Nxf6+ Qxf6 19. Qe2 Rfd8 20. dxc5 bxc5 21.
Rcd1 Rxd1 22. Rxd1 Qg5 23. f4 Qxf4 24. g3 Qg5 25. Nxf7 Kxf7 26. Rd7+ Kg8 27.
Qxe6+ Kh8 28. Rxb7 Rf8 29. Qe1 Nc6 30. Bc2 Nd4 31. Bd1 Qf6 32. b3 Nf5 33. Rd7
Ne3 34. Be2 Kg8 35. Rd3 Nc2 36. Qf1 Qe5 37. Rf3 Re8 38. Rf2 Qd4 39. Kh1 Ne3 40.
Qg1 Rf8 41. Rxf8+ Kxf8 42. Qf2+ Kg7 43. h4 Qc3 44. Kh2 Qxb3 45. Qf3 Qc3 46.
Qb7+ Kg8 47. Qc8+ Kg7 48. Qxc5 Qd2 49. Qe7+ Kg8 50. Qe8+ 1/2-1/2

[Event "DMP - II Liga seniorow"]
[Site "Mrzezyno"]
[Date "2011.09.06"]
[Round "4"]
[White "Golek, Jagoda"]
[Black "Rzepecka, Dorota"]
[Result "1-0"]
[WhiteElo "2066"]
[BlackElo "1897"]
[PlyCount "55"]
[EventDate "2011.09.??"]

1. e4 e6 2. d4 d5 3. Nc3 Bb4 4. e5 c5 5. a3 Bxc3+ 6. bxc3 Ne7 7. Qg4 Qc7 8.
Qxg7 Rg8 9. Qxh7 cxd4 10. Ne2 Nbc6 11. f4 Bd7 12. Qd3 dxc3 13. Nxc3 a6 14. Rb1
Rc8 15. h4 Nf5 16. Rh3 Na5 17. h5 f6 18. exf6 d4 19. Ne4 Bb5 20. Rxb5 axb5 21.
h6 Qxc2 22. Qxc2 Rxc2 23. Kd1 Rc7 24. g4 Nxh6 25. Rxh6 Rxc1+ 26. Kxc1 Rxg4 27.
Bxb5+ Kf8 28. Ng5 1-0